Colombia Orinoco / (Registro nro. 1366)
[ vista simple ]
| 000 -CABECERA | |
|---|---|
| Campo de control | 01267cam a2200289 a 4500 |
| 005 - FECHA Y HORA DE LA ULTIMA TRANSACCION | |
| Campo de control | 20170601175737.0 |
| 008 - ELEMENTOS DE LONGITUD FIJA—INFORMACION GENERAL | |
| Campo de control | 990521s1998 ck ao r 00010 spa d |
| 020 ## - ISBN | |
| ISBN | 9589129455 |
| 040 ## - FUENTE DE CATALOGACIÓN | |
| Agencia catalogadora original | la |
| Agencia transcriptora | la |
| Agencia Modificadora | CO-BoIAVH |
| 041 0# - IDIOMA | |
| Código de idioma para texto/pista de sonido o título separado | Español |
| 044 ## - PAÍS DE PUBLICACIÓN | |
| País de publicación | Colombia |
| 082 04 - NUMERO DE CLASIFICACION DECIMAL DEWEY | |
| Número de clasificación | 986.19 |
| Número del ítem | C71o |
| 110 2# - ASIENTO PRINCIPAL--NOMBRE CORPORATIVO | |
| Nombre corporativo o de jurisdicción como elemento de entrada | Fondo FEN Colombia |
| 9 (RLIN) | 8585 |
| 245 00 - MENCION DE TITULO | |
| Título | Colombia Orinoco / |
| Mención de responsabilidad | Dario Fajardo Montaña ... [et al.] ; fotografías y reproducciones Fernando Urbina ... [et al.]. |
| 260 ## - PUBLICACION, DISTRIBUCION, ETC. (PIE DE IMPRENTA) | |
| Lugar de publicación, distribución, etc. | Bogotá (Colombia) : |
| Nombre del editor, distribuidor, etc. | FEN Colombia, |
| Fecha de publicación, distribución, etc. | 1998. |
| 300 ## - DESCRIPCION FISICA | |
| Extensión | 324 páginas: |
| Otros detalles físicos | ilustraciones y fotografías a color ; |
| Dimensiones | 33 x 24 cm. |
| 650 26 - ASIENTO SECUNDARIO DE MATERIA - TERMINO TEMATICO | |
| Término temático o nombre geográfico como elemento de entrada | Recursos naturales |
| Subdivisión geográfica | Orinoquía (Región, Colombia) |
| 9 (RLIN) | 81855 |
| 650 26 - ASIENTO SECUNDARIO DE MATERIA - TERMINO TEMATICO | |
| Término temático o nombre geográfico como elemento de entrada | Pueblos indígenas |
| Subdivisión geográfica | Orinoquía (Región, Colombia) |
| 9 (RLIN) | 81856 |
| 650 26 - ASIENTO SECUNDARIO DE MATERIA - TERMINO TEMATICO | |
| Término temático o nombre geográfico como elemento de entrada | Biodiversidad |
| Subdivisión geográfica | Orinoquía (Región, Colombia) |
| 9 (RLIN) | 81857 |
| 651 #6 - ASIENTO SECUNDARIO DE MATERIA - NOMBRE GEOGRAFICO | |
| Nombre geográfico | Orinoquía (Región, Colombia) |
| Subdivisión general | Descripciones y viajes |
| 9 (RLIN) | 81858 |
| 651 #6 - ASIENTO SECUNDARIO DE MATERIA - NOMBRE GEOGRAFICO | |
| Nombre geográfico | Orinoquía (Región, Colombia) |
| Subdivisión general | Historia |
| 9 (RLIN) | 81859 |
| 651 #6 - ASIENTO SECUNDARIO DE MATERIA - NOMBRE GEOGRAFICO | |
| Nombre geográfico | Orinoquía (Región, Colombia) |
| Subdivisión general | Vida social y costumbres |
| 9 (RLIN) | 81860 |
| 700 1# - ASIENTO SECUNDARIO - NOMBRE PERSONAL | |
| Nombre personal | Fajardo Montaña, Darío |
| 9 (RLIN) | 7723 |
| 700 1# - ASIENTO SECUNDARIO - NOMBRE PERSONAL | |
| Nombre personal | Urbina Rangel, Fernando, |
| Fechas asociadas con el nombre | 1939-, |
| Término de relación | ilustrador |
| 9 (RLIN) | 81861 |
| 710 2# - ASIENTO SECUNDARIO - NOMBRE CORPORATIVO | |
| Nombre corporativo o de jurisdicción como elemento de entrada | Fondo para la Proteccion del Medio Ambiente "José Celestino Mutis" |
| Unidad subordinada | Fen |
| 9 (RLIN) | 81862 |
| 942 ## - ELEMENTOS ADICIONALES (KOHA) | |
| Sistema de clasificación | Dewey Decimal Classification |
| Tipo de ítem | Libro |
| Withdrawn status | Lost status | Sistema de Clasificación | Damaged status | No para préstamo | Colección | Inventariado | Ubicación Permanente | Ubicación actual | Fecha de adquisición | Valor | Total Checkouts | Total Renewals | Número topográfico | Inventario / Código de Barras | Date last seen | Date checked out | Ejemplar | Price effective from | Forma de adquisición | Tipo de material |
|---|---|---|---|---|---|---|---|---|---|---|---|---|---|---|---|---|---|---|---|---|
| Dewey Decimal Classification | General | Inventariado 2017 | Bogotá | Bogotá | 10/06/2015 | 39000.00 | 1 | 2 | LB-986.19 C71o | 005180 | 15/01/2016 | 10/06/2015 | Ej. 1 | 10/06/2015 | Donación | Libro |